000 01255nam a2200301 i 4500
003 DO-SdBNP
005 20250313105301.0
007 ta
008 250313b2009 dr o | 000 0 spa d
020 _a9789993484448
040 _aDO-SdBNP
_bspa
_cBNPHU
_erda
082 4 _axxx
_bxxx
_222
111 _aColoquio taller "Cuba: realidad y perspectivas"
_c(Santo Domingo, República Dominicana
_ddel 20 al 24 de agosto de 2008: )
_977442
245 1 0 _aCuba: "realidad y perspectivas" /
_cprólogo, Gilberto García Valencia
264 1 _aSanto Domingo :
_bEditora Dialogo,
_c2009.
300 _a277 páginas
_a[8] páginas laminadas con fotografías
_bfotografías
_c23 cm.
336 _atexto
_btxt
_2rdacontent
337 _asin mediación
_bn
_2rdamedia
338 _avolumen
_bnc
_2rdacarrier
590 _aInventariado, 2025/ YL
700 1 _aGarcía Valencia, Gilberto
_eprólogo
_981507
_4prol.
710 _aCentro de Documentación e Información (CEDOF)
_987192
710 _aSolidaridad de Trabajadores de Cuba (STC)
_987193
710 _aInstituto Nacional de Formación Agraria y Sindical "Porfirio Zarzuela" (INFAS)
_987194
710 _aConfederación Autónoma Sindical Clasista (CASC)
_987195
910 _aYLockward
942 _2ddc
_cLBS1
999 _c58416
_d58416